000 00415nam a2200145Ia 4500
008 211122s9999||||xx |||||||||||||| ||und||
082 _a335
_bJAL-I
100 _aJalan, Bimal
245 0 _aIndian Economy:Problems and Prospects
260 _bPenguin Books
_aDelhi
_c1992
300 _a367p.
630 _xGeneral Stack
650 _aSocial Sciences
_vEconomicsSocialism & related systemsEconomics
942 _cBOOK
999 _c133630
_d133630